50 χρόνια για την εκπαίδευση

Αποθηκεύτηκε σε:
Λεπτομέρειες βιβλιογραφικής εγγραφής
Συγγραφή απο Οργανισμό/Αρχή: Unesco
Μορφή: Βιβλίο
Γλώσσα:Greek
Δημοσίευση: [χ.τ.] : Unesco, c1999.
Θέματα:
Ετικέτες: Προσθήκη ετικέτας
Δεν υπάρχουν, Καταχωρήστε ετικέτα πρώτοι!

MARC

LEADER 00000cam a2200000 i 4500
001 1/20911
008 010830s1999 gr gre d
035 |l 10067209 
040 |a GR-MY-UA  |b gre  |e aacr 
041 0 |a gre 
082 0 |a 341.767  
110 2 |a Unesco. 
245 1 0 |a 50 χρόνια για την εκπαίδευση /   |c Unesco.  
246 3 4 |a 1946 Unesco:   |b 50 χρόνια για την εκπαίδευση 
260 |a [χ.τ.] :   |b Unesco,   |c c1999.  
300 |a 285 σ. :   |b εικ., σχημ. ;   |c 22 εκ.   |e 2 computer laser optical disk (4 3/4 in.) 
650 0 0 |a Education  |x International cooperation. 
650 0 0 |a Educational equalization. 
650 0 0 |a Literacy. 
852 |a INST  |b CHIOS  |e 20010830  |h 341.767 UNE  |p 005200021111  |q 005200021111  |t BK  |y 0 
852 |a INST  |b CHIOS  |e 20010903  |h 341.767 UNE  |p 005200021103  |q 005200021103  |t BK  |y 0 
852 |a INST  |b CHIOS  |e 20010903  |h 341.767 UNE  |p 005200021104  |q 005200021104  |t BK  |y 0 
901 |a BIBL2-2001-2 
909 |a Χ  |b 083925 
909 |a Χ  |b 083933 
909 |a Χ  |b 083934 
920 |a UNESCO  |y ΧΙΟΣ  |z 2000-03  |z 2001-08 
970 |a ΣΠΕΝΤΖΑ  |b ΕΛΕΝΗ  |z 2001/08/30